[Event "Nord West Cup 08th"]
[Site "Bad Zwischenahn"]
[Date "2006.02.03"]
[Round "3"]
[White "Reinkemeier, Tobias"]
[Black "Rueberg, Jobst"]
[Result "1/2-1/2"]
[WhiteElo "2111"]
[BlackElo "2242"]
[PlyCount "61"]
[EventDate "2006.02.02"]
[EventType "swiss"]
[EventRounds "7"]
[EventCountry "GER"]
[SourceTitle "EXT 2007"]
[Source "ChessBase"]
[SourceDate "2006.11.23"]
[SourceVersion "1"]
[SourceVersionDate "2006.11.23"]
[SourceQuality "1"]

1. e4 c5 2. Nf3 e6 3. d4 cxd4 4. Nxd4 a6 5. Nc3 b5 6. Bd3 Qb6 7. Nb3 Qc7 8. 0-0 Nf6 9. Qe2 d6 10. Bd2 Be7 11. a4 b4 12. Na2 a5 13. Nd4 Nbd7 14. c3 bxc3 15. Nxc3 Bb7 16. Kh1 Nc5 17. Bb5+ Kf8 18. f3 h5 19. Rfb1 g6 20. Bg5 Kg7 21. Qe3 h4 22. Bf1 Nh5 23. Bxe7 Qxe7 24. Kg1 Rad8 25. Rd1 e5 26. Ndb5 Nf4 27. Ne2 Nfe6 28. Nec3 Rd7 29. Bc4 Nf4 30. Rd2 Qg5 31. Re1 1/2-1/2

[Event "Niedersachsen-ch"]
[Site "Verden"]
[Date "2006.01.07"]
[Round "5"]
[White "Collmann, Jan"]
[Black "Reinkemeier, Tobias"]
[Result "1/2-1/2"]
[WhiteElo "1996"]
[BlackElo "2111"]
[PlyCount "55"]
[EventDate "2006.01.??"]
[EventType "swiss"]
[EventRounds "7"]
[EventCountry "GER"]
[SourceTitle "CBM 110 Extra"]
[Source "ChessBase"]
[SourceDate "2006.03.10"]
[SourceVersion "2"]
[SourceVersionDate "2006.03.10"]
[SourceQuality "1"]

1. e4 c5 2. c3 d5 3. exd5 Qxd5 4. d4 g6 5. dxc5 Qxc5 6. Be3 Qc7 7. Nf3 Bg7 8. Be2 Nh6 9. Nd4 a6 10. Qd2 Nf5 11. Nxf5 Bxf5 12. Bf4 Qd7 13. Qxd7+ Nxd7 14. 0-0 0-0 15. Nd2 Nc5 16. Nb3 Na4 17. g4 Be4 18. f3 Bc6 19. Rab1 b6 20. Be3 Bb7 21. h3 Rac8 22. Kf2 e5 23. Nd2 Nc5 24. Bxc5 Rxc5 25. Ne4 Bxe4 26. fxe4 Bh6 27. Rbd1 Ra5 28. Rd6 1/2-1/2

[Event "Bargteheide op"]
[Site "Bargteheide"]
[Date "2005.05.06"]
[Round "3"]
[White "Reinkemeier, Tobias"]
[Black "Voelzke, Ferdinand"]
[Result "0-1"]
[WhiteElo "2050"]
[BlackElo "2199"]
[PlyCount "96"]
[EventDate "2005.05.05"]
[EventType "swiss"]
[EventRounds "7"]
[EventCountry "GER"]
[SourceTitle "CBM 106 Extra"]
[Source "ChessBase"]
[SourceDate "2005.07.01"]
[SourceVersion "1"]
[SourceVersionDate "2005.07.01"]
[SourceQuality "1"]

1. e4 c6 2. d4 d5 3. Nd2 dxe4 4. Nxe4 Nf6 5. Nxf6+ exf6 6. Nf3 Bd6 7. Bd3 0-0 8. 0-0 Bg4 9. h3 Bh5 10. c3 Nd7 11. g4 Bg6 12. Nh4 Bxd3 13. Qxd3 g6 14. Ng2 Re8 15. Bf4 Nf8 16. Qg3 Bxf4 17. Nxf4 Qd7 18. Rfe1 Kg7 19. Rad1 Rad8 20. Qf3 Ne6 21. h4 Qd6 22. Nd3 Qd5 23. Qxd5 cxd5 24. Re3 Rd6 25. Rde1 Rc8 26. f4 f5 27. gxf5 gxf5 28. R1e2 Kf6 29. Rg3 Rdd8 30. Reg2 Re8 31. Kf2 h6 32. Kf3 a5 33. Ne5 Ke7 34. Re2 Rg8 35. Reg2 Rxg3+ 36. Rxg3 b5 37. Nd3 b4 38. cxb4 Nxd4+ 39. Ke3 Nc2+ 40. Kd2 Nxb4 41. Nxb4 axb4 42. Re3+ Kd6 43. Re5 f6 44. Rxf5 Ke6 45. Rh5 Rh8 46. Kc2 f5 47. Kb3 Kf6 48. Kxb4 Kg6 0-1

[Event "Niedersachsen-ch U18"]
[Site "Rotenburg/Wuemme"]
[Date "2005.03.24"]
[Round "7"]
[White "Reinkemeier, Tobias"]
[Black "Nuesken, Nikolas"]
[Result "0-1"]
[WhiteElo "2050"]
[BlackElo "2237"]
[PlyCount "41"]
[EventDate "2005.03.19"]
[EventType "swiss"]
[EventRounds "9"]
[EventCountry "GER"]
[SourceTitle "EXT 2007"]
[Source "ChessBase"]
[SourceDate "2006.11.23"]
[SourceVersion "1"]
[SourceVersionDate "2006.11.23"]
[SourceQuality "1"]

1. e4 c5 2. Nf3 Nc6 3. Nc3 g6 4. d4 cxd4 5. Nxd4 Bg7 6. Nxc6 bxc6 7. Bd3 d6 8. 0-0 Nf6 9. Kh1 0-0 10. f4 Rb8 11. Qe1 Nd7 12. f5 Ne5 13. Qh4 Re8 14. Ne2 c5 15. Ng3 c4 16. Be2 Ba6 17. c3 Rb7 18. Bh6 Rxb2 19. Bxg7 Kxg7 20. Qg5 h6 21. Nh5+ 0-1

[Event "Niedersachsen-ch U18"]
[Site "Rotenburg/Wuemme"]
[Date "2005.03.20"]
[Round "2"]
[White "Juenemann, Marcel"]
[Black "Reinkemeier, Tobias"]
[Result "0-1"]
[WhiteElo "1608"]
[BlackElo "2050"]
[PlyCount "48"]
[EventDate "2005.03.19"]
[EventType "swiss"]
[EventRounds "9"]
[EventCountry "GER"]
[SourceTitle "EXT 2007"]
[Source "ChessBase"]
[SourceDate "2006.11.23"]
[SourceVersion "1"]
[SourceVersionDate "2006.11.23"]
[SourceQuality "1"]

1. e4 c5 2. Nf3 d6 3. d4 cxd4 4. Nxd4 Nf6 5. Nc3 a6 6. Bg5 e6 7. f4 Be7 8. Qf3 Qc7 9. g4 Nbd7 10. 0-0-0 b5 11. Bxf6 Bxf6 12. Bxb5 Rb8 13. Ba4 0-0 14. g5 Bxd4 15. Rxd4 Qb6 16. Qe3 e5 17. Rd3 Nc5 18. Bb3 exf4 19. Qxf4 Nxd3+ 20. cxd3 Be6 21. h4 Bxb3 22. axb3 Qxb3 23. Qf2 Rfc8 24. Qd2 Qa2 0-1

[Event "Niedersachsen-ch U18"]
[Site "Borkum"]
[Date "2004.04.06"]
[Round "5"]
[White "Konrad, Maximilian"]
[Black "Reinkemeier, Tobias"]
[Result "0-1"]
[WhiteElo "1608"]
[BlackElo "1761"]
[PlyCount "90"]
[EventDate "2004.04.??"]
[EventType "swiss"]
[EventRounds "9"]
[EventCountry "GER"]
[SourceTitle "EXT 2005"]
[Source "ChessBase"]
[SourceDate "2004.11.15"]
[SourceVersion "1"]
[SourceVersionDate "2004.11.15"]
[SourceQuality "1"]

1. e4 c5 2. Nf3 d6 3. d4 cxd4 4. Nxd4 Nf6 5. Nc3 a6 6. Rg1 b5 7. g4 Bb7 8. Bg2 e5 9. Nb3 b4 10. Nd5 Nxd5 11. exd5 Nd7 12. Be3 a5 13. g5 Nb6 14. Be4 Nc4 15. Bc1 Qc7 16. h4 a4 17. Nd2 Ra5 18. h5 Bxd5 19. Nxc4 Qxc4 20. Bxd5 Rxd5 21. Qf3 e4 22. Qe2 Qxe2+ 23. Kxe2 Rc5 24. Kd1 Kd7 25. Bd2 Rf5 26. Ke2 d5 27. Rad1 Bc5 28. Be3 Bxe3 29. fxe3 Rc8 30. Rd2 Ke6 31. Rg3 Rc5 32. Rg1 Rf3 33. Rh1 Rg3 34. g6 hxg6 35. hxg6 Rxg6 36. Ke1 Rg3 37. Re2 Rc8 38. Kd2 f5 39. Rf2 Ke5 40. Rh5 Rf8 41. Rhh2 Ke6 42. Rh4 d4 43. Re2 dxe3+ 44. Rxe3 Rd8+ 45. Ke2 Rg2+ 0-1

[Event "Niedersachsen-ch U18"]
[Site "Borkum"]
[Date "2004.04.06"]
[Round "6"]
[White "Reinkemeier, Tobias"]
[Black "Tebelmann, Lars"]
[Result "1-0"]
[WhiteElo "1761"]
[BlackElo "1832"]
[PlyCount "95"]
[EventDate "2004.04.??"]
[EventType "swiss"]
[EventRounds "9"]
[EventCountry "GER"]
[SourceTitle "EXT 2005"]
[Source "ChessBase"]
[SourceDate "2004.11.15"]
[SourceVersion "1"]
[SourceVersionDate "2004.11.15"]
[SourceQuality "1"]

1. e4 c5 2. Nf3 Nc6 3. d4 cxd4 4. Nxd4 Nf6 5. Nc3 e5 6. Ndb5 d6 7. Bg5 a6 8. Na3 b5 9. Nd5 Be7 10. Bxf6 Bxf6 11. c3 Bg5 12. Nc2 Rb8 13. Bd3 a5 14. Qe2 Na7 15. 0-0 0-0 16. Nce3 Bxe3 17. Qxe3 Nc6 18. Rac1 Be6 19. b3 b4 20. cxb4 Nxb4 21. Nxb4 Rxb4 22. Rfd1 Qb6 23. Qxb6 Rxb6 24. Bc4 Rd8 25. Bd5 Kf8 26. Bxe6 fxe6 27. Rc7 a4 28. Rd3 axb3 29. axb3 Rdb8 30. Rf3+ Kg8 31. Rff7 Rxb3 32. Rxg7+ Kf8 33. g3 Rf3 34. Rxh7 Kg8 35. Rcg7+ Kf8 36. Rd7 Kg8 37. Rhe7 Rb4 38. Rxe6 Rxe4 39. Re8+ Rf8 40. Rxf8+ Kxf8 41. Rxd6 Ke7 42. Ra6 Re1+ 43. Kg2 e4 44. Ra3 Rb1 45. Re3 Rb4 46. f3 Rb2+ 47. Kh3 Kf6 48. Rxe4 1-0

[Event "Niedersachsen-ch U18"]
[Site "Borkum"]
[Date "2004.04.04"]
[Round "3"]
[White "Drache, Georg Marcus"]
[Black "Reinkemeier, Tobias"]
[Result "1/2-1/2"]
[WhiteElo "1765"]
[BlackElo "1761"]
[PlyCount "29"]
[EventDate "2004.04.??"]
[EventType "swiss"]
[EventRounds "9"]
[EventCountry "GER"]
[SourceTitle "EXT 2005"]
[Source "ChessBase"]
[SourceDate "2004.11.15"]
[SourceVersion "1"]
[SourceVersionDate "2004.11.15"]
[SourceQuality "1"]

1. d4 Nf6 2. c4 e6 3. Nc3 d5 4. Bg5 Be7 5. Nf3 Nbd7 6. Qc2 c6 7. e3 h6 8. Bh4 a6 9. Rb1 b5 10. cxd5 cxd5 11. Bd3 Bb7 12. 0-0 Ne4 13. Bxe7 Qxe7 14. Rfc1 0-0 15. Nd2 1/2-1/2

[Event "Niedersachsen-ch U18"]
[Site "Borkum"]
[Date "2004.04.03"]
[Round "1"]
[White "Hoolt, Sarah"]
[Black "Reinkemeier, Tobias"]
[Result "1/2-1/2"]
[WhiteElo "1921"]
[BlackElo "1761"]
[PlyCount "28"]
[EventDate "2004.04.??"]
[EventType "swiss"]
[EventRounds "9"]
[EventCountry "GER"]
[SourceTitle "EXT 2005"]
[Source "ChessBase"]
[SourceDate "2004.11.15"]
[SourceVersion "1"]
[SourceVersionDate "2004.11.15"]
[SourceQuality "1"]

1. e4 c5 2. Nf3 d6 3. d4 cxd4 4. Nxd4 Nf6 5. Nc3 a6 6. Be2 Qc7 7. f4 e6 8. a4 b6 9. Bf3 Bb7 10. 0-0 Nbd7 11. Qe2 Rc8 12. e5 dxe5 13. fxe5 Bc5 14. Be3 Nxe5 1/2-1/2

[Event "GER-chT U16"]
[Site "Verden"]
[Date "2003.07.08"]
[Round "7.1"]
[White "Reinkemeier, Tobias"]
[Black "Nuesken, Nikolas"]
[Result "0-1"]
[WhiteElo "1761"]
[BlackElo "2068"]
[PlyCount "55"]
[EventDate "2003.07.05"]
[EventType "team"]
[EventRounds "7"]
[EventCountry "GER"]
[SourceTitle "EXT 2005"]
[Source "ChessBase"]
[SourceDate "2004.11.15"]
[SourceVersion "1"]
[SourceVersionDate "2004.11.15"]
[SourceQuality "1"]

1. e4 c5 2. Nf3 e6 3. Nc3 a6 4. d4 cxd4 5. Nxd4 Qc7 6. Be3 Nf6 7. f3 Bb4 8. Qd3 d5 9. Bd2 dxe4 10. Nxe4 Bxd2+ 11. Nxd2 0-0 12. c4 Rd8 13. Qc3 e5 14. Nc2 Nc6 15. Bd3 Be6 16. Ne4 Nxe4 17. Bxe4 Nd4 18. Ne3 Rac8 19. Rc1 b5 20. Bd3 b4 21. Qd2 b3 22. a3 Qa7 23. Rc3 f5 24. Qc1 Rc7 25. Rf1 Qc5 26. Nd5 Rcd7 27. Qg5 Kh8 28. Bxf5 0-1

[Event "GER-chT U16"]
[Site "Verden"]
[Date "2003.07.07"]
[Round "5.1"]
[White "Chrobak, Frank"]
[Black "Reinkemeier, Tobias"]
[Result "0-1"]
[WhiteElo "1579"]
[BlackElo "1761"]
[PlyCount "104"]
[EventDate "2003.07.05"]
[EventType "team"]
[EventRounds "7"]
[EventCountry "GER"]
[SourceTitle "EXT 2005"]
[Source "ChessBase"]
[SourceDate "2004.11.15"]
[SourceVersion "1"]
[SourceVersionDate "2004.11.15"]
[SourceQuality "1"]

1. e4 c5 2. Nf3 d6 3. d4 cxd4 4. Nxd4 Nf6 5. Nc3 a6 6. Be2 e6 7. f4 Qc7 8. 0-0 b5 9. a3 Bb7 10. Bf3 Nbd7 11. Qe1 Rb8 12. Kh1 Be7 13. Bd2 Nb6 14. b3 0-0 15. Qg3 Qc5 16. Nde2 d5 17. e5 Ne8 18. Qf2 Qxf2 19. Rxf2 Bc5 20. Rff1 Nc7 21. Nc1 Nd7 22. Nd3 Bd4 23. Rad1 Rfc8 24. Rc1 Na8 25. Ne2 Bb6 26. Bg4 g6 27. c3 Nc5 28. Nxc5 Bxc5 29. b4 Ba7 30. Nd4 Re8 31. h4 h5 32. Be2 Nb6 33. Rg1 Nc4 34. Bxc4 dxc4 35. Kh2 Rbd8 36. Be3 Rd7 37. g4 Bxd4 38. Bxd4 Bf3 39. gxh5 Bxh5 40. Rg5 Rd5 41. Rcg1 Kh7 42. Ra1 Red8 43. Rg3 Rxd4 44. cxd4 Rxd4 45. Rf1 Rd2+ 46. Kg1 Rc2 47. Rf2 Rc1+ 48. Rf1 Bd1 49. Rg2 c3 50. Rgf2 Rb1 51. Rxd1 Rxd1+ 52. Kg2 Rd2 0-1

[Event "Niedersachsen-chT U16"]
[Site "Verden"]
[Date "2002.06.16"]
[Round "3.1"]
[White "Konrad, Maximilian"]
[Black "Reinkemeier, Tobias"]
[Result "1/2-1/2"]
[WhiteElo "1510"]
[BlackElo "1530"]
[PlyCount "63"]
[EventDate "2002.06.15"]
[EventType "team"]
[EventRounds "7"]
[EventCountry "GER"]
[SourceTitle "EXT 2003"]
[Source "ChessBase"]
[SourceDate "2002.11.25"]
[SourceVersion "1"]
[SourceVersionDate "2002.11.25"]
[SourceQuality "1"]

1. d4 Nf6 2. Nf3 g6 3. e3 Bg7 4. Bd3 d6 5. 0-0 0-0 6. c3 Bg4 7. Nbd2 Nbd7 8. h3 Bxf3 9. Nxf3 c5 10. Bd2 Rc8 11. Re1 Nb6 12. Qe2 Nfd7 13. e4 e5 14. d5 Nf6 15. Nh2 Nh5 16. Rf1 Qe7 17. Ng4 Nd7 18. Kh2 Kh8 19. g3 Ndf6 20. Nxf6 Qxf6 21. f4 exf4 22. gxf4 Kg8 23. Rae1 Qh4 24. Qg4 Qxg4 25. hxg4 Nf6 26. Kg3 c4 27. Bc2 Nd7 28. Be3 Nc5 29. Rd1 Rfe8 30. Kf3 Re7 31. Rfe1 a6 32. Bd4 1/2-1/2

[Event "Niedersachsen-chT U16"]
[Site "Verden"]
[Date "2002.06.15"]
[Round "2.1"]
[White "Reinkemeier, Tobias"]
[Black "Nuesken, Nikolas"]
[Result "1/2-1/2"]
[WhiteElo "1530"]
[BlackElo "1969"]
[PlyCount "116"]
[EventDate "2002.06.15"]
[EventType "team"]
[EventRounds "7"]
[EventCountry "GER"]
[SourceTitle "EXT 2003"]
[Source "ChessBase"]
[SourceDate "2002.11.25"]
[SourceVersion "1"]
[SourceVersionDate "2002.11.25"]
[SourceQuality "1"]

1. e4 c5 2. Nf3 d6 3. d4 cxd4 4. Nxd4 Nf6 5. Nc3 g6 6. Be3 Bg7 7. f3 0-0 8. Qd2 Nc6 9. Bc4 Nd7 10. Bb3 Nb6 11. 0-0 Ne5 12. Qe2 Bd7 13. Nd5 Nc6 14. c3 Nxd5 15. Bxd5 Rc8 16. Rfd1 a6 17. Nxc6 bxc6 18. Bc4 a5 19. Rd2 a4 20. Bd4 Qa5 21. Bxg7 Kxg7 22. Rad1 Rb8 23. Qe3 Qb6 24. Kf2 Be6 25. Bxe6 fxe6 26. Qxb6 Rxb6 27. Re1 e5 28. Ree2 Kf6 29. Re1 Ke6 30. Kg3 Rf4 31. Re3 g5 32. Rde2 Rf8 33. Rd2 Rf4 34. Rde2 h5 35. h3 Rb8 36. Kh2 Kd7 37. Rc2 Kc7 38. c4 Rb4 39. Ra3 Kb6 40. b3 axb3 41. axb3 Kc5 42. Rd2 Rf8 43. Rd3 Rbb8 44. Ra7 Rfe8 45. Ra5+ Kb6 46. Ra4 Ra8 47. Rb4+ Kc7 48. Rd2 Ra5 49. Kg3 Rg8 50. Rb2 h4+ 51. Kg4 Kd7 52. Rb7+ Ke6 53. b4 Raa8 54. Rc7 Raf8 55. g3 Rf4+ 56. gxf4 gxf4+ 57. Kxh4 Kf6 58. Rxc6 Rh8+ 1/2-1/2

[Event "Niedersachsen-ch U14"]
[Site "Rotenburg"]
[Date "2001.04.??"]
[Round "2"]
[White "Nuesken, Nikolas"]
[Black "Reinkemeier, Tobias"]
[Result "1-0"]
[WhiteElo "1716"]
[BlackElo "1273"]
[PlyCount "25"]
[EventDate "2001.04.??"]
[EventType "swiss"]
[EventRounds "7"]
[EventCountry "GER"]
[SourceTitle "EXT 2003"]
[Source "ChessBase"]
[SourceDate "2002.11.25"]
[SourceVersion "1"]
[SourceVersionDate "2002.11.25"]
[SourceQuality "1"]

1. e4 e5 2. f4 exf4 3. Nf3 Nc6 4. d4 d6 5. Bxf4 Bg4 6. Be2 Nf6 7. Nc3 Be7 8. Qd2 Qd7 9. 0-0-0 0-0-0 10. d5 Nb8 11. Nb5 Rdf8 12. Nxa7+ Kd8 13. Qb4 1-0

[Event "Niedersachsen-ch U14"]
[Site "Lingen"]
[Date "2000.04.??"]
[Round "5"]
[White "Reinkemeier, Tobias"]
[Black "Laux, Benjamin"]
[Result "1-0"]
[WhiteElo "879"]
[BlackElo "1262"]
[PlyCount "23"]
[EventDate "2000.04.??"]
[EventType "swiss"]
[EventRounds "7"]
[EventCountry "GER"]
[SourceTitle "EXT 2003"]
[Source "ChessBase"]
[SourceDate "2002.11.25"]
[SourceVersion "1"]
[SourceVersionDate "2002.11.25"]
[SourceQuality "1"]

1. e4 d5 2. exd5 Qxd5 3. Nc3 Qa5 4. d4 Nf6 5. Nf3 Bg4 6. h3 Bh5 7. Bd2 Nc6 8. Bb5 e6 9. Nd5 Bxf3 10. Qxf3 Qxd2+ 11. Kxd2 Nxd5 12. Rhe1 1-0

[Event "Niedersachsen-ch U14"]
[Site "Lingen"]
[Date "2000.04.??"]
[Round "3"]
[White "Reinkemeier, Tobias"]
[Black "Schubert, Christian3333"]
[Result "1-0"]
[WhiteElo "879"]
[BlackElo "2295"]
[PlyCount "95"]
[EventDate "2000.04.??"]
[EventType "swiss"]
[EventRounds "7"]
[EventCountry "GER"]
[SourceTitle "EXT 2003"]
[Source "ChessBase"]
[SourceDate "2002.11.25"]
[SourceVersion "1"]
[SourceVersionDate "2002.11.25"]
[SourceQuality "1"]

1. e4 e5 2. Nf3 Nc6 3. Bb5 a6 4. Ba4 Nf6 5. 0-0 b5 6. Bb3 Be7 7. d3 0-0 8. Bg5 d6 9. Bxf6 Bxf6 10. Bd5 Bd7 11. h3 Rb8 12. Nbd2 Qe8 13. c3 Be6 14. Bxe6 Qxe6 15. Qb3 Rfe8 16. Qxe6 Rxe6 17. Rfe1 h6 18. Nb3 Rbe8 19. Re2 Kh7 20. Rae1 R6e7 21. d4 exd4 22. Nbxd4 Bxd4 23. Nxd4 Nxd4 24. cxd4 Re6 25. f3 g6 26. Rc2 R6e7 27. Rec1 Rc8 28. Rc6 a5 29. Rxd6 cxd6 30. Rxc8 Rb7 31. Rc6 Rd7 32. Rb6 Rc7 33. Rxb5 Rc2 34. Rxa5 Rxb2 35. a4 Rb4 36. d5 Kg7 37. Ra6 Kf8 38. Rxd6 Rxa4 39. e5 Ke7 40. Rc6 Kd7 41. e6+ Ke7 42. Rc7+ Ke8 43. exf7+ Kf8 44. d6 Rd4 45. d7 Kg7 46. Kf2 Kf8 47. Rc8+ Ke7 48. f8Q+ 1-0

[Event "Niedersachsen-ch U14"]
[Site "Lingen"]
[Date "2000.??.??"]
[Round "4"]
[White "Drache, Georg Marcus"]
[Black "Reinkemeier, Tobias"]
[Result "1-0"]
[WhiteElo "1270"]
[BlackElo "879"]
[PlyCount "87"]
[EventDate "2000.04.??"]
[EventType "swiss"]
[EventRounds "7"]
[EventCountry "GER"]
[SourceTitle "EXT 2003"]
[Source "ChessBase"]
[SourceDate "2002.11.25"]
[SourceVersion "1"]
[SourceVersionDate "2002.11.25"]
[SourceQuality "1"]

1. d4 d5 2. c4 e6 3. Nc3 Nf6 4. Bg5 Be7 5. Nf3 h6 6. Bh4 Nc6 7. e3 b6 8. cxd5 exd5 9. Bb5 Bd7 10. Bxf6 Bxf6 11. Nxd5 a6 12. Nxf6+ Qxf6 13. Bd3 0-0 14. 0-0 Bg4 15. Be4 Rae8 16. Bxc6 Qxc6 17. Ne5 Rxe5 18. Qxg4 Rg5 19. Qh3 f5 20. Rfc1 Qd6 21. f4 Rg4 22. Qf3 Rf6 23. Rc2 Rfg6 24. Rac1 Kh7 25. Kf1 Qb4 26. Qd5 Qb5+ 27. Qxb5 axb5 28. g3 h5 29. Rxc7 h4 30. Kg2 hxg3 31. h3 Rh4 32. R7c6 Rhh6 33. d5 Kg8 34. Rxg6 Rxg6 35. Rc6 Kf7 36. Rxg6 Kxg6 37. Kxg3 Kf6 38. Kf3 Ke7 39. e4 Kd6 40. h4 Kc5 41. a3 Kd6 42. h5 Kc5 43. Ke3 Kc4 44. d6 1-0